[Event "BCF-chT 0607 (4NCL)"]
[Site "Sunningdale"]
[Date "2006.09.17"]
[Round "2.7"]
[White "Lyell, Mark"]
[Black "Platts, Philip S"]
[Result "1-0"]
[WhiteElo "2228"]
[BlackElo "1920"]
[PlyCount "49"]
[EventDate "2006.09.16"]
[EventType "team"]
[EventRounds "11"]
[EventCountry "ENG"]
[SourceTitle "EXT 2008"]
[Source "ChessBase"]
[SourceDate "2007.11.25"]
[SourceVersion "1"]
[SourceVersionDate "2007.11.25"]
[SourceQuality "1"]
[WhiteTeam "NW Eagles"]
[BlackTeam "3CS Oldham"]
[WhiteTeamCountry "ENG"]
[BlackTeamCountry "ENG"]

1. e4 c6 2. d4 d5 3. exd5 cxd5 4. c4 Nf6 5. Nc3 e6 6. Nf3 Be7 7. cxd5 Nxd5 8. Bd3 Nc6 9. 0-0 Nxc3 10. bxc3 0-0 11. Re1 Bf6 12. Qc2 g6 13. Bh6 Re8 14. Rad1 Bd7 15. Qd2 Qa5 16. Qf4 Bh8 17. Ng5 f6 18. Ne4 Qh5 19. Nc5 g5 20. Qc7 Re7 21. Nxd7 Rd8 22. Bc4 Qxh6 23. Rxe6 Rexd7 24. Re8+ Kg7 25. Qxd7+ 1-0